Rome's fall and after /

Bibliographic Details
Main Author: Goffart, Walter, 1934-
Format: Book
Language:English
Published: London ; Ronceverte, WV, U.S.A. : Hambledon Press, 1989.
Subjects:

MARC

Tag First Indicator Second Indicator Subfields
LEADER 00000cam a2200000 a 4500
001 in00000930355
005 20211009063112.0
008 881206s1989 enk b 00110 eng
010 |a  88034556  
020 |a 1852850019 :  |c $45.00 
035 |a (OCoLC)18961106 
035 |9 AER8390AM 
040 |a DLC  |c DLC  |d TXA  |d UtOrBLW 
043 |a e------ 
049 |a TXAM  |c [A13946602] 
050 0 0 |a D121  |b .G64 1989 
082 0 0 |a 936  |2 19 
100 1 |a Goffart, Walter,  |d 1934- 
245 1 0 |a Rome's fall and after /  |c Walter Goffart. 
264 1 |a London ;  |a Ronceverte, WV, U.S.A. :  |b Hambledon Press,  |c 1989. 
300 |a 371 pages ;  |c 25 cm. 
336 |a text  |b txt  |2 rdacontent 
337 |a unmediated  |b n  |2 rdamedia 
338 |a volume  |b nc  |2 rdacarrier 
504 |a Includes bibliographical references and index. 
651 0 |a Europe  |x History  |y 392-814. 
651 0 |a Rome  |x History  |y Empire, 284-476. 
740 0 |a Rome's fall & after. 
999 |a MARS 
999 f f |s 01884c25-bcec-3acd-97d4-03744a1a6635  |i 71304236-f8cf-3010-8caf-a2d663efebcc  |t 0 
952 f f |p ric  |a Texas A&M University  |b Rellis Campus  |c Joint Library Facility  |d Remote Storage  |t 0  |e D121 .G64 1989  |h Library of Congress classification  |i unmediated -- volume  |m A14813946602 
998 f f |a D121 .G64 1989  |t 0  |l Remote Storage